000
00303nam a22001337a 4500
008
181001b xxu||||| |||| 00| 0 eng d
020
_a
9780471575054
041
_a
eng
080
_2
3rd
_a
541
100
_a
12
101
_a
KIM
245
_a
Microscale Organic Laboratory
_c
Mayo,D,W
942
_2
udc
_c
BK
999
_c
48744
_d
48744